[Event "Mondragon Arrasate Hiria op 12th"]
[Site "Mondragon"]
[Date "2012.09.21"]
[Round "2"]
[White "Segura del Frago, Imanol"]
[Black "Uriarte Gabikagogeaskoa, Agustin"]
[Result "1-0"]
[WhiteElo "1998"]
[BlackElo "1509"]
[PlyCount "48"]
[EventDate "2012.09.14"]
[EventType "swiss"]
[EventRounds "6"]
[EventCountry "ESP"]
[SourceTitle "EXT 2013"]
[Source "ChessBase"]
[SourceDate "2012.11.22"]
[SourceVersion "1"]
[SourceVersionDate "2012.11.22"]
[SourceQuality "1"]

1. d4 Nf6 2. c4 d5 3. cxd5 Qxd5 4. Nc3 Qd8 5. e4 e6 6. Nf3 Bb4 7. e5 Ne4 8. Qc2 Nxc3 9. bxc3 Ba5 10. Bd3 Nc6 11. 0-0 g6 12. Bh6 Ne7 13. Bg7 Rg8 14. Bf6 b6 15. Be4 Rb8 16. Rfd1 Bb7 17. Ng5 Bxe4 18. Nxe4 Qc8 19. Bg5 Nd5 20. c4 Nb4 21. Nf6+ Kf8 22. Nxh7+ Kg7 23. Qe4 Rh8 24. Bf6+ Kxh7 1-0